History Quiz

Random History or Politics Quiz

Federal Reserve Chairmen Quiz Stats

 Plays Quiz Updated Mar 17, 2020

Support Sporcle.
Go Orange.
Score 0/16 Timer 06:00
0 Plays Today
Years Chairmen % Correct
2006-2014Ben Bernanke
88%
1987-2006Alan Greenspan
87.2%
2014-2018Janet Yellen
77.4%
2018-presentJerome Powell
68.6%
1979-1987Paul A. Volcker
48.2%
1970-1978Arthur F. Burns
14.9%
1978-1979G. William Miller
14.3%
1951-1970William McChesney Martin, Jr.
13.4%
Years Chairmen % Correct
1916-1922William P. G. Harding
12.3%
1933-1934Eugene R. Black
11.8%
1934-1948Marriner S. Eccles
11.3%
1914-1916Charles S. Hamlin
10.7%
1927-1930Roy A. Young
10.2%
1930-1933Eugene Meyer
9.6%
1923-1927Daniel R. Crissinger
9.3%
1948-1951Thomas B. McCabe
9.3%

From the Vault

Greek Mythology Trios

by chair

Kim, Khloe ... oh wait, those aren't the Gorgons.
Remove Ads.
Support Sporcle.
Get the best of Sporcle when you Go Orange. This ad-free experience offers more features, more stats, and more fun while also helping to support Sporcle. Thank you for becoming a member.

Show Comments

Extras

Top Quizzes Today


Score Distribution

Your Account Isn't Verified!

In order to create a playlist on Sporcle, you need to verify the email address you used during registration. Go to your Sporcle Settings to finish the process.

Report this User

Report this user for behavior that violates our Community Guidelines.

Details: